| 000 | 00468nam a2200133Ia 4500 | ||
|---|---|---|---|
| 008 | 220216s9999 xx 000 0 und d | ||
| 100 | _aGopal Gopika | ||
| 245 | 2 | _aA method for staining sieve tubes in the bark of Hevea brasiliensis | |
| 260 | _bProceedings of 24th Kerala Science Congress, 29-31 January 2012, Rubber Research Institute of India, Kottayam, India, pp.615-616. | ||
| 650 | _aBark | ||
| 650 | _aSieve tube staining | ||
| 700 | _aThomas V | ||
| 942 | _cBS | ||
| 999 |
_c49295 _d49295 |
||